[Event "Barcelona Sant Marti op 11th"]
[Site "Barcelona"]
[Date "2024.01.25"]
[Round "3"]
[White "Cervera Lopez, Miguel"]
[Black "Longueira Lateana, Mariano"]
[Result "0-1"]
[WhiteElo "1580"]
[BlackElo "1731"]
[PlyCount "50"]
[EventDate "2024.01.11"]
[EventType "swiss"]
[EventRounds "9"]
[EventCountry "ESP"]
[SourceTitle "CB11_2024"]
[SourceDate "2024.03.13"]
[SourceVersion "1"]
[SourceVersionDate "2024.03.13"]
[SourceQuality "1"]

1. d4 f5 2. c4 Nf6 3. Nc3 d6 4. Nf3 g6 5. Bg5 Nbd7 6. Qa4 c6 7. d5 Nc5 8. Qc2 Nce4 9. dxc6 bxc6 10. Bd2 Bg7 11. e3 a5 12. Bd3 Nc5 13. Nd4 Qc7 14. f3 e5 15. Nb3 Nxd3+ 16. Qxd3 a4 17. Nc1 Be6 18. e4 f4 19. g4 g5 20. h4 gxh4 21. Rxh4 h5 22. g5 Nd7 23. Qf1 Qd8 24. Qg2 Bxc4 25. N1e2 Nc5 0-1

[Event "Barcelona La Lira op 14th"]
[Site "Barcelona"]
[Date "2023.06.15"]
[Round "9"]
[White "Cervera Lopez, Miguel"]
[Black "Buldo Polls, Joan"]
[Result "0-1"]
[WhiteElo "1563"]
[BlackElo "1983"]
[PlyCount "80"]
[EventDate "2023.04.20"]
[EventType "swiss"]
[EventRounds "9"]
[EventCountry "ESP"]
[SourceTitle "EXT 2024"]
[Source "ChessBase"]
[SourceDate "2023.10.10"]
[SourceVersion "1"]
[SourceVersionDate "2023.10.10"]
[SourceQuality "1"]

1. d4 Nf6 2. c4 g6 3. Nc3 d5 4. Bg5 Ne4 5. Nxe4 dxe4 6. e3 Bg7 7. Ne2 0-0 8. Nc3 h6 9. Bh4 g5 10. Bg3 Bf5 11. Be2 c5 12. d5 Nd7 13. f4 exf3 14. gxf3 Qb6 15. Qd2 Bh3 16. e4 f5 17. 0-0-0 f4 18. Bf2 Qd6 19. Bf1 Bxf1 20. Rdxf1 Ne5 21. Qe2 Rfc8 22. Rhg1 Qa6 23. h4 Nxc4 24. hxg5 h5 25. Be1 b5 26. Kb1 b4 27. b3 bxc3 28. Qxc4 Qxc4 29. bxc4 Rab8+ 30. Kc2 Rb2+ 31. Kd3 Bd4 32. Bxc3 Bxc3 33. Kxc3 Rxa2 34. Ra1 Rf2 35. Rxa7 Rxf3+ 36. Kd2 Rb8 37. Rga1 Rb2+ 38. Ke1 Rh3 39. Ra8+ Kg7 40. Kf1 Rh1# 0-1

[Event "Barcelona Sant Marti op 10th"]
[Site "Barcelona"]
[Date "2023.02.09"]
[Round "5"]
[White "Poyato Duran, David"]
[Black "Cervera Lopez, Miguel"]
[Result "0-1"]
[WhiteElo "1701"]
[BlackElo "1527"]
[PlyCount "46"]
[EventDate "2023.01.12"]
[EventType "swiss"]
[EventRounds "9"]
[EventCountry "ESP"]
[SourceTitle "CBM 213 Extra"]
[Source "ChessBase"]
[SourceDate "2023.05.31"]
[SourceVersion "1"]
[SourceVersionDate "2023.05.31"]
[SourceQuality "1"]

1. d4 d5 2. c4 e6 3. Nc3 Nf6 4. Nf3 Bb4 5. e3 0-0 6. Bd3 Ne4 7. Qc2 f5 8. 0-0 c6 9. Ne5 Nd7 10. Nxd7 Bxd7 11. f3 Nd6 12. c5 Nf7 13. e4 g6 14. exf5 exf5 15. g4 Ng5 16. h4 Nh3+ 17. Kg2 fxg4 18. fxg4 Qxh4 19. Be3 Qxg4+ 20. Kh1 Rae8 21. Rae1 Rxf1+ 22. Bxf1 Rxe3 23. Rxe3 Qg1# 0-1

[Event "Barcelona Sant Marti op-B 21st"]
[Site "Barcelona"]
[Date "2019.07.13"]
[Round "1"]
[White "Cervera Lopez, Miguel"]
[Black "Morais Carreras, Javier"]
[Result "0-1"]
[WhiteElo "1566"]
[BlackElo "1893"]
[PlyCount "58"]
[EventDate "2019.07.13"]
[EventType "swiss"]
[EventRounds "9"]
[EventCountry "ESP"]
[SourceTitle "EXT 2020"]
[Source "ChessBase"]
[SourceDate "2019.10.17"]
[SourceVersion "1"]
[SourceVersionDate "2019.10.17"]
[SourceQuality "1"]

1. e4 e5 2. Nf3 Nf6 3. Nc3 Bb4 4. d3 d5 5. Bd2 Nc6 6. a3 Bxc3 7. Bxc3 d4 8. Bd2 h6 9. c3 0-0 10. Be2 a5 11. 0-0 Nxe4 12. cxd4 Nxd2 13. Qxd2 Nxd4 14. Nxd4 Qxd4 15. Bf3 c6 16. Rac1 Bf5 17. Rfd1 Rfd8 18. Qc3 Bxd3 19. Qb3 e4 20. Bh5 Qd5 21. Qxd5 Rxd5 22. Bg4 h5 23. Bh3 Rad8 24. g3 Be2 25. Rxd5 cxd5 26. Rc2 Bf3 27. Kf1 d4 28. Rd2 d3 29. Ke1 Rd6 0-1

[Event "Barcelona Sant Marti op-B 20th"]
[Site "Barcelona"]
[Date "2018.07.20"]
[Round "8"]
[White "Guerrero Baez, Indira"]
[Black "Cervera Lopez, Miguel"]
[Result "1-0"]
[WhiteElo "1300"]
[BlackElo "1578"]
[PlyCount "149"]
[EventDate "2018.07.13"]
[EventType "swiss"]
[EventRounds "9"]
[EventCountry "ESP"]
[SourceTitle "EXT 2019"]
[Source "ChessBase"]
[SourceDate "2018.10.10"]
[SourceVersion "1"]
[SourceVersionDate "2018.10.10"]
[SourceQuality "1"]

1. e4 c5 2. Nf3 Nc6 3. d4 cxd4 4. Nxd4 g6 5. Nc3 Bg7 6. Be3 Nf6 7. Bc4 a6 8. Bb3 Qa5 9. f3 0-0 10. Qd2 Nh5 11. g4 Nxd4 12. Bxd4 Bxd4 13. Qxd4 Nf4 14. Qd2 Qe5 15. 0-0-0 e6 16. h4 h5 17. Rdg1 hxg4 18. fxg4 d5 19. Rf1 d4 20. Nd1 Qxe4 21. Qxf4 Qxf4+ 22. Rxf4 e5 23. Re4 Re8 24. Rf1 Re7 25. h5 Kg7 26. Nf2 b6 27. Bd5 Raa7 28. Nd3 f6 29. Rg1 g5 30. Nb4 Rac7 31. Kd2 a5 32. Nd3 b5 33. Re2 b4 34. Be4 Kh6 35. Nf2 Ba6 36. Bd3 Bb7 37. Be4 Ba6 38. Ree1 Rc5 39. Nh1 Rec7 40. Rc1 a4 41. Ng3 Bc8 42. Bf5 Bb7 43. Rgf1 Kg7 44. b3 a3 45. Be6 R5c6 46. Nf5+ Kh8 47. Bd5 Rc3 48. Bxb7 Rxb7 49. Nd6 Re7 50. Rxf6 e4 51. Rh6+ Kg8 52. Rg6+ Kh8 53. Re1 e3+ 54. Kd1 d3 55. cxd3 Rxd3+ 56. Kc1 Rc7+ 57. Nc4 Rc3+ 58. Kd1 Rd7+ 59. Rd6 Rf7 60. Rxe3 Rxe3 61. Nxe3 Rf2 62. Rd2 Rf4 63. Rh2 Kh7 64. h6 Rd4+ 65. Ke2 Re4 66. Kd3 Rf4 67. Rh5 Rf2 68. Nc2 Rf4 69. Ke3 Rxg4 70. Kf3 Rf4+ 71. Kg3 Re4 72. Rxg5 Kxh6 73. Rg4 Re6 74. Rxb4 Re2 75. Rc4 1-0

[Event "Barcelona Sant Marti op-B 20th"]
[Site "Barcelona"]
[Date "2018.07.18"]
[Round "6"]
[White "Jimenez Rimblas, Raul"]
[Black "Cervera Lopez, Miguel"]
[Result "1/2-1/2"]
[WhiteElo "1313"]
[BlackElo "1578"]
[PlyCount "79"]
[EventDate "2018.07.13"]
[EventType "swiss"]
[EventRounds "9"]
[EventCountry "ESP"]
[SourceTitle "EXT 2019"]
[Source "ChessBase"]
[SourceDate "2018.10.10"]
[SourceVersion "1"]
[SourceVersionDate "2018.10.10"]
[SourceQuality "1"]

1. e4 c5 2. Nf3 Nc6 3. d4 cxd4 4. Nxd4 g6 5. Nc3 Bg7 6. Be3 a6 7. Bc4 Qc7 8. Qd2 e6 9. 0-0-0 Ne5 10. Be2 Nc4 11. Bxc4 Qxc4 12. Nb3 Nf6 13. f3 Qc7 14. Bh6 0-0 15. Bxg7 Kxg7 16. Qd4 Qf4+ 17. Qd2 e5 18. Qxf4 exf4 19. Nd5 Nxd5 20. Rxd5 b6 21. h4 h5 22. g3 fxg3 23. Rg1 f5 24. exf5 Rxf5 25. Rxf5 gxf5 26. Rxg3+ Kf7 27. Rg5 d6 28. Rxh5 Be6 29. Nd4 Bxa2 30. b3 Rg8 31. Nxf5 Rg2 32. Kb2 Bxb3 33. Kxb3 Kg6 34. Rg5+ Rxg5 35. hxg5 Kxf5 36. f4 d5 37. Kc3 a5 38. Kb3 b5 39. Ka3 d4 40. Kb3 1/2-1/2

[Event "Barcelona Sant Marti op-B 20th"]
[Site "Barcelona"]
[Date "2018.07.17"]
[Round "5"]
[White "Cervera Lopez, Miguel"]
[Black "Sanchez Rodriguez, Raul"]
[Result "1-0"]
[WhiteElo "1578"]
[BlackElo "1402"]
[PlyCount "51"]
[EventDate "2018.07.13"]
[EventType "swiss"]
[EventRounds "9"]
[EventCountry "ESP"]
[SourceTitle "EXT 2019"]
[Source "ChessBase"]
[SourceDate "2018.10.10"]
[SourceVersion "1"]
[SourceVersionDate "2018.10.10"]
[SourceQuality "1"]

1. e4 e5 2. Nf3 Nc6 3. Bc4 Nf6 4. d3 Bc5 5. Be3 Bb6 6. Nc3 0-0 7. Nd5 h6 8. Nxb6 axb6 9. Nh4 Na5 10. Nf5 Nxc4 11. dxc4 d6 12. Ng3 Bg4 13. f3 Be6 14. b3 Qd7 15. 0-0 b5 16. f4 exf4 17. Bxf4 bxc4 18. Qd2 Kh7 19. Bxh6 Rg8 20. Bxg7 Kxg7 21. Qg5+ Kf8 22. Qh6+ Rg7 23. Rxf6 Kg8 24. Nh5 Rg6 25. Rxg6+ fxg6 26. Nf6+ 1-0

[Event "Barcelona Sant Marti op-B 20th"]
[Site "Barcelona"]
[Date "2018.07.14"]
[Round "2"]
[White "Ruiz Serra, Guillem"]
[Black "Cervera Lopez, Miguel"]
[Result "0-1"]
[WhiteElo "1199"]
[BlackElo "1578"]
[PlyCount "68"]
[EventDate "2018.07.13"]
[EventType "swiss"]
[EventRounds "9"]
[EventCountry "ESP"]
[SourceTitle "EXT 2019"]
[Source "ChessBase"]
[SourceDate "2018.10.10"]
[SourceVersion "1"]
[SourceVersionDate "2018.10.10"]
[SourceQuality "1"]

1. e4 c5 2. Nf3 Nc6 3. d4 cxd4 4. Nxd4 Nf6 5. Nc3 a6 6. Nf3 d6 7. Be2 e6 8. 0-0 Be7 9. b3 Ng4 10. h3 Nge5 11. Nd4 Nxd4 12. Qxd4 Bf6 13. Qe3 Nc6 14. Bb2 Nd4 15. Qd2 0-0 16. Rac1 Qa5 17. Rfe1 Nxe2+ 18. Rxe2 Rd8 19. Na4 Qxd2 20. Rxd2 Bg5 21. Rcd1 Bxd2 22. Rxd2 b5 23. Nc3 Bb7 24. f3 Rac8 25. Ne2 f6 26. Nf4 Kf7 27. Nh5 e5 28. Ng3 g6 29. Ne2 d5 30. Ng3 dxe4 31. Rxd8 Rxd8 32. Nxe4 Bxe4 33. fxe4 b4 34. Bc1 Rd1+ 0-1

[Event "Barcelona Sant Marti op 7th"]
[Site "Barcelona"]
[Date "2018.02.01"]
[Round "4"]
[White "Cervera Lopez, Miguel"]
[Black "Orts Gonzalez, Rafael"]
[Result "1-0"]
[WhiteElo "1603"]
[BlackElo "1090"]
[PlyCount "53"]
[EventDate "2018.01.11"]
[EventType "swiss"]
[EventRounds "9"]
[EventCountry "ESP"]
[SourceTitle "EXT 2019"]
[Source "ChessBase"]
[SourceDate "2018.10.10"]
[SourceVersion "1"]
[SourceVersionDate "2018.10.10"]
[SourceQuality "1"]

1. c4 d6 2. Nc3 e6 3. d4 Ne7 4. Bg5 Nbc6 5. d5 Ne5 6. Nf3 h6 7. Bh4 Nxc4 8. Qa4+ c6 9. Qxc4 cxd5 10. Qb3 Bd7 11. e4 Qc7 12. Be2 g5 13. Bg3 Rc8 14. 0-0 a5 15. exd5 b5 16. Bxb5 Rb8 17. Bxd7+ Kxd7 18. Qa4+ Kd8 19. Nb5 Qc5 20. Nxd6 Qb4 21. Qe8+ Kc7 22. Nb5+ Kb6 23. Qxb8+ Kc5 24. Bd6+ Kxd5 25. Bxb4 axb4 26. Rad1+ Kc4 27. Rd4+ 1-0

[Event "Barcelona Sant Marti op 6th"]
[Site "Barcelona"]
[Date "2017.02.09"]
[Round "5"]
[White "Rovira Puig, Ricardo"]
[Black "Cervera Lopez, Miguel"]
[Result "0-1"]
[WhiteElo "1166"]
[BlackElo "1642"]
[PlyCount "54"]
[EventDate "2017.01.12"]
[EventType "swiss"]
[EventRounds "9"]
[EventCountry "ESP"]
[SourceTitle "EXT 2018"]
[Source "ChessBase"]
[SourceDate "2017.10.13"]
[SourceVersion "1"]
[SourceVersionDate "2017.10.13"]
[SourceQuality "1"]

1. e4 c5 2. Bc4 Nc6 3. Nc3 a6 4. Nf3 b5 5. Bxf7+ Kxf7 6. Ng5+ Ke8 7. Nd5 e6 8. Qf3 Ne5 9. Qf4 Bd6 10. Qh4 exd5 11. exd5 Nf6 12. Qg3 h6 13. Nh3 Nf7 14. Qf3 Ng5 15. Nxg5 hxg5 16. h3 g4 17. Qf5 Kf7 18. d3 Qe7+ 19. Kd1 g6 20. Qg5 Rh5 21. Qd2 Nxd5 22. Re1 Qf6 23. Qa5 gxh3 24. gxh3 Rxh3 25. Bd2 Bb7 26. Bc1 Qf3+ 27. Kd2 Bf4+ 0-1

[Event "Barcelona Sant Marti op 6th"]
[Site "Barcelona"]
[Date "2017.01.19"]
[Round "2"]
[White "Prats Rodriguez, Juan Bosco"]
[Black "Cervera Lopez, Miguel"]
[Result "1-0"]
[WhiteElo "1937"]
[BlackElo "1642"]
[PlyCount "37"]
[EventDate "2017.01.12"]
[EventType "swiss"]
[EventRounds "9"]
[EventCountry "ESP"]
[SourceTitle "EXT 2018"]
[Source "ChessBase"]
[SourceDate "2017.10.13"]
[SourceVersion "1"]
[SourceVersionDate "2017.10.13"]
[SourceQuality "1"]

1. e4 c5 2. Nc3 Nc6 3. g3 Nf6 4. Bg2 d6 5. d3 e6 6. Nf3 Nd4 7. 0-0 Nxf3+ 8. Qxf3 e5 9. Bg5 h6 10. Bxf6 gxf6 11. Nd5 Bg7 12. Qh5 Be6 13. f4 Bxd5 14. exd5 Qc7 15. Kh1 0-0-0 16. Qg4+ Kb8 17. Qxg7 Rdg8 18. Qxf6 Rg6 19. Qxh8+ 1-0

[Event "Barcelona Sant Marti op-B 18th"]
[Site "Barcelona"]
[Date "2016.07.16"]
[Round "4.51"]
[White "Moreno Oller, Victor"]
[Black "Cervera Lopez, Miguel"]
[Result "1-0"]
[WhiteElo "1380"]
[BlackElo "1655"]
[PlyCount "123"]
[EventDate "2016.07.13"]
[EventType "swiss"]
[EventRounds "9"]
[EventCountry "ESP"]
[SourceTitle "EXT 2024"]
[Source "ChessBase"]
[SourceDate "2023.10.10"]
[SourceVersion "1"]
[SourceVersionDate "2023.10.10"]
[SourceQuality "1"]

1. Nf3 d5 2. g3 c5 3. Bg2 Nc6 4. 0-0 Bf5 5. d3 Qd7 6. Re1 0-0-0 7. a3 h6 8. b4 Bh3 9. b5 Bxg2 10. bxc6 Qxc6 11. Kxg2 d4 12. e4 g5 13. Ne5 Qe6 14. Qg4 Qxg4 15. Nxg4 f6 16. h3 h5 17. Nh2 Nh6 18. a4 e5 19. Nd2 Nf7 20. Ba3 b6 21. Rab1 Kc7 22. a5 Ra8 23. Ra1 b5 24. Nb3 b4 25. Bc1 a6 26. f4 gxf4 27. gxf4 Rg8+ 28. Kf2 Bd6 29. f5 Rg7 30. Bd2 Kc6 31. Rg1 Rh7 32. Rg6 Be7 33. Rag1 Kb5 34. Rg7 Rxg7 35. Rxg7 Rf8 36. Nf3 c4 37. dxc4+ Kxc4 38. Nh4 d3 39. Ng6 Rd8 40. Rxf7 dxc2 41. Rxe7 Kxb3 42. Bc1 Rd1 43. Be3 c1Q 44. Bxc1 Rxc1 45. Rb7 Ka3 46. Nxe5 fxe5 47. f6 Rc8 48. Kg3 b3 49. Kh4 b2 50. Kg5 Ka2 51. Kf5 b1Q 52. Rxb1 Kxb1 53. Kxe5 Kc2 54. Kd6 Kd3 55. e5 Kd4 56. e6 Rd8+ 57. Ke7 Ke5 58. Kxd8 Kxe6 59. Kc7 Kxf6 60. Kb6 Ke6 61. Kxa6 Kd6 62. Kb7 1-0

[Event "Sant Adria de Besos op 12th"]
[Site "Sant Adria de Besos"]
[Date "2016.05.22"]
[Round "5"]
[White "Hernando Harto, Maria"]
[Black "Cervera Lopez, Miguel"]
[Result "0-1"]
[WhiteElo "1685"]
[BlackElo "1870"]
[PlyCount "88"]
[EventDate "2016.04.10"]
[EventType "swiss"]
[EventRounds "9"]
[EventCountry "ESP"]
[SourceTitle "EXT 2017"]
[Source "ChessBase"]
[SourceDate "2016.10.25"]
[SourceVersion "1"]
[SourceVersionDate "2016.10.25"]
[SourceQuality "1"]

1. e4 c5 2. d4 cxd4 3. Qxd4 Nc6 4. Qd1 Nf6 5. Nc3 e6 6. Bg5 Bb4 7. Bb5 Bxc3+ 8. bxc3 Qa5 9. Bxf6 gxf6 10. Bd3 Qxc3+ 11. Ke2 b5 12. Nf3 Nd4+ 13. Nxd4 Qxd4 14. Re1 a6 15. Kf1 Bb7 16. Rb1 Rg8 17. a3 Qe5 18. h3 Qh2 19. Qf3 Ke7 20. a4 Rg5 21. axb5 axb5 22. Rxb5 Rxb5 23. Bxb5 Ra2 24. Qd3 d6 25. Rd1 Ra5 26. Bc4 f5 27. g3 Qh1+ 28. Ke2 Qxe4+ 29. Qxe4 Bxe4 30. Bd3 Bg2 31. h4 Kf6 32. Rg1 Re5+ 33. Kd2 Bf3 34. Re1 Rd5 35. Re3 Bh5 36. c4 Rc5 37. Kc3 e5 38. Kb4 e4 39. Be2 Bxe2 40. Rxe2 h5 41. Rd2 Ke6 42. Re2 Re5 43. Rc2 e3 44. Kc3 e2 0-1

[Event "Barcelona Sant Marti op-B 5th"]
[Site "Barcelona"]
[Date "2016.01.14"]
[Round "1"]
[White "Costa Trave, Jaume"]
[Black "Cervera Lopez, Miguel"]
[Result "1-0"]
[WhiteElo "1939"]
[BlackElo "1870"]
[PlyCount "87"]
[EventDate "2016.01.14"]
[EventType "swiss"]
[EventRounds "9"]
[EventCountry "ESP"]
[SourceTitle "EXT 2017"]
[Source "ChessBase"]
[SourceDate "2016.10.25"]
[SourceVersion "1"]
[SourceVersionDate "2016.10.25"]
[SourceQuality "1"]

1. f4 c5 2. e4 Nc6 3. c3 e6 4. Nf3 Nf6 5. d3 d5 6. e5 Nd7 7. Be2 f6 8. exf6 Nxf6 9. 0-0 Qb6 10. Kh1 Bd7 11. Na3 0-0-0 12. Nc2 Be7 13. b4 Qc7 14. b5 Na5 15. Rb1 b6 16. Ne5 Rhf8 17. Bf3 Bd6 18. Qe2 g5 19. d4 Nc4 20. Nxc4 dxc4 21. fxg5 Nd5 22. Qxc4 Bxh2 23. dxc5 bxc5 24. b6 Nxb6 25. Qa6+ Kb8 26. Rxb6+ Qxb6 27. Qxb6+ axb6 28. Kxh2 Ba4 29. Ne3 Rd3 30. c4 Rd4 31. Re1 Rg8 32. Ng4 Rxc4 33. Kg3 Kc8 34. Bf4 Rf8 35. Nf6 h6 36. Rxe6 hxg5 37. Bxg5 Rb4 38. Bg4 Kb7 39. Re7+ Ka6 40. Nd5 Rd4 41. Nc7+ Ka5 42. Ne6 Rd3+ 43. Bf3 Bc6 44. Nxf8 1-0